Macroeconomics
Na minha lista:
| Autor principal: | |
|---|---|
| Outros Autores: | , |
| Formato: | Livro |
| Idioma: | inglês |
| Publicado em: |
Boston
Pearson
2011
|
| Edição: | 7th ed. |
| Assuntos: | |
| Tags: |
Sem tags, seja o primeiro a adicionar uma tag!
|
MARC
| LEADER | 00000nam a2200000 4500 | ||
|---|---|---|---|
| 001 | 0143909 | ||
| 005 | 20240226124345.8 | ||
| 020 | |a 978-0-13-511142-0 | ||
| 020 | |a 0-13-511142-0 | ||
| 041 | 0 | |a eng | |
| 044 | |a US | ||
| 245 | 1 | 0 | |a Macroeconomics |c Andrew B. Abel, Ben S. Bernanke, Dean Croushore |
| 250 | |a 7th ed. | ||
| 264 | 1 | |a Boston |b Pearson |c 2011 | |
| 300 | |a xxvi, 639 s. |e príloha | ||
| 610 | 2 | 0 | |a makroekonomika |
| 610 | 2 | 0 | |a produktivita |
| 610 | 2 | 0 | |a zamestnanosť |
| 610 | 2 | 0 | |a spotreba |
| 610 | 2 | 0 | |a úspory |
| 610 | 2 | 0 | |a investície |
| 610 | 2 | 0 | |a hospodárstvo otvorené |
| 610 | 2 | 0 | |a rast hospodársky dlhodobý |
| 610 | 2 | 0 | |a aktíva |
| 610 | 2 | 0 | |a peniaze |
| 610 | 2 | 0 | |a ceny |
| 610 | 2 | 0 | |a cykly podnikateľské |
| 610 | 2 | 0 | |a politika hospodárska |
| 610 | 2 | 0 | |a modelovanie |
| 610 | 2 | 0 | |a modely |
| 610 | 2 | 0 | |a keynesizmus |
| 610 | 2 | 0 | |a nezamestnanosť |
| 610 | 2 | 0 | |a inflácia |
| 610 | 2 | 0 | |a kurz výmenný |
| 610 | 2 | 0 | |a politika menová |
| 100 | 1 | |a Abel, Andrew B. | |
| 700 | 1 | |a Bernanke, Ben S. | |
| 700 | 1 | |a Croushore, Dean | |